000 00645nam a2200241Ia 4500
003 OSt
005 20221005090249.0
006 a|||||r|||| 00| 0
007 ta
008 221004b |||||||| |||| 00| 0 eng d
024 _a19862
037 _bGift, 25/06/2015,
_cTextual
040 _aCRL
_cCRL
_beng
041 _2eng
_aeng
082 _aR6,5, K5
100 _aSharma I C
245 0 _aEthical philosophies of India
260 _aNew York
_bJohnsen Publishing Co. USA
_c1965
300 _a374p.
_ccm.
650 _aPHILOSOPHY
942 _hR6,5, K5
_cTEXL
_2cc
999 _c995469
_d995469